=LDR 00000nam 2200000 4500 =001 INLIS000000000055749 =005 20200714102739 =035 ##$$a 0010-0720000053 =007 ta =008 200714################g##########0#ind## =082 ##$$a 2x6.4 =084 ##$$a 2x6.4 SUR c =100 1#$$a Surawie, Muthohir =245 1#$$a Citra Wanita Sholihah : $b Berbuah harapan dan dambaan rumah tangga muslim /$c Muthohir Surawie =250 ##$$a cet.1 =260 ##$$a Surabaya :$b Cipta Media =300 ##$$a 147 hlm., ; $c 12x18 cm =600 #4$$a Wanita-Islam =990 ##$$a 03310331 =990 ##$$a 00042092